000 00608nam a2200205 i 4500
001 C2-0296732
003 PPAK
005 20180728075046.0
008 090426s1991 my |||| ||||| | may d
040 _aPPAK
_beng
_cPPAK
_erda
082 0 4 _a373.078
_223
090 0 0 _a373.078
_bMAL
_dKIH
245 0 0 _aKurikulum bersepadu sekolah menengah:
_bHuraian sukatan pelajaran matematik tingkatan IV
264 1 _aSelangor :
_bDewan Bahasa dan Pustaka ,
_c1991
300 _a69 pages ;
_c19 cm
336 _2rdacontent
_atext
337 _2rdamedia
_aunmediated
338 _2rdacarrier
_avolume
942 _ddc
_cB
999 _c101162
_d101162